The State of Children in India/ (Record no. 202671)

MARC details
000 -LEADER
fixed length control field 00553 a2200193 4500
005 - DATE AND TIME OF LATEST TRANSACTION
control field 20240506101859.0
010 ## - LCCN (DPL NO)
LC control number B-758864
020 ## - INTERNATIONAL STANDARD BOOK NUMBER
International Standard Book Number 8173044740
Terms of availability 700.00
035 ## - SYSTEM CONTROL NUMBER
System control number B-758864
037 ## - SOURCE OF ACQUISITION
Source of stock number/acquisition Gift/Unesco
082 ## - DEWEY DECIMAL CLASSIFICATION NUMBER
Classification number 305.231
100 ## - MAIN ENTRY--PERSONAL NAME
Personal name Bose, A.B.
245 ## - TITLE STATEMENT
Title The State of Children in India/
Remainder of title A.B. Bose
260 ## - PUBLICATION, DISTRIBUTION, ETC. (IMPRINT)
Place of publication, distribution, etc New Delhi
Name of publisher, distributor, etc Manohar
Date of publication, distribution, etc 2003
270 ## - ADDRESS
Address New Delhi
300 ## - PHYSICAL DESCRIPTION
Extent 337 p.;
Dimensions 22cm. (Hb)
Other physical details Index
942 ## - ADDED ENTRY ELEMENTS (KOHA)
Institution code [OBSOLETE] dpl
Item type English Books
Source of classification or shelving scheme Dewey Decimal Classification
Classification part 305.231
Call number suffix BOS
Holdings
Withdrawn status Lost status Not for loan Collection code Home library Current library Date acquired Source of acquisition Cost, normal purchase price Full call number Barcode Copy number Cost, replacement price Koha item type Public note
      Non-fiction Central Library Central Library 06/05/2024 Gift/29.4.24 700.00 305.231 BOS B-758864 1 700.00 English Books Gift

© Delhi Public Library
Hit Counter
free hit counter